| 000 -LEADER |
| fixed length control field |
00500nam a22001577a 4500 |
| 020 ## - INTERNATIONAL STANDARD BOOK NUMBER |
| International Standard Book Number |
8181110692 |
| 082 ## - DEWEY DECIMAL CLASSIFICATION NUMBER |
| Classification number |
H1 |
| Item number |
SHI/C |
| 100 ## - MAIN ENTRY--PERSONAL NAME |
| Personal name |
Shivsankar Sharma 'Rakesh' |
| 9 (RLIN) |
46735 |
| 245 ## - TITLE STATEMENT |
| Title |
Chandra-dhanu ke rang gahare/ |
| Statement of responsibility, etc. |
by Shivsankar Sharma 'Rakesh' |
| 260 ## - PUBLICATION, DISTRIBUTION, ETC. |
| Place of publication, distribution, etc. |
Madhura: |
| Name of publisher, distributor, etc. |
Jawahar Pusthakalay, |
| Date of publication, distribution, etc. |
2007. |
| 300 ## - PHYSICAL DESCRIPTION |
| Extent |
112p. |
| 650 ## - SUBJECT ADDED ENTRY--TOPICAL TERM |
| Topical term or geographic name entry element |
Poetry Hindi |
| 9 (RLIN) |
46736 |
| 650 ## - SUBJECT ADDED ENTRY--TOPICAL TERM |
| Topical term or geographic name entry element |
Literature Hindi |
| 9 (RLIN) |
46737 |
| 650 ## - SUBJECT ADDED ENTRY--TOPICAL TERM |
| Topical term or geographic name entry element |
Literature |
| 9 (RLIN) |
46738 |
| 942 ## - ADDED ENTRY ELEMENTS (KOHA) |
| Koha item type |
Book |